01186nam a2200253 a 450000100060000000300090000600800410001502000150005604000280007108200170009910000200011624500410013626000300017730000110020750000220021850505190024065000120075965000220077165000110079365000280080465000410083265000300087365000290090318028CO-ViMGA141112s2004 ck r 000 u spa d a9586440362 aCO-ViMGAbspacCO-ViMGA04a364.157 D7641 aVargas, Ricardo10aDrogas, Poder y región en Colombia aBogotá, cCinep, c1995 a2 Vol. aEn coleccion V. 2 aVOLUMEN (1)Analisis macroeconómico del narcotráfico en la economía Colombiana Narcotráfico, regimen político, violencias y derechos humanos en Colombia Consumo : Decisiones gubernamentales, ONG y problemática popular urbana Analisis y prospección de las políticas de prevención de la farmacodependencia en Colombia 1986 - 1994 Política criminal VOLUMEN (2)Amapola en Colombia Desarrollo alternativo Sustitución de cultivos ilícitos Estructura de una "narcocracia regional" El problema etico14aAMAPOLA14aCULTIVOS ILICITOS14aDROGAS14aNARCOTRAFICO - COLOMBIA14aNARCOTRAFICO - Economía - COLOMBIA14aNARCOTRAFICO - Política14aVIOLENCIA Y NARCOTRAFICO